Microbiology (Record no. 23082)

MARC details
000 -LEADER
fixed length control field 00520nam a22001817a 4500
003 - CONTROL NUMBER IDENTIFIER
control field OSt
005 - DATE AND TIME OF LATEST TRANSACTION
control field 20260602160012.0
008 - FIXED-LENGTH DATA ELEMENTS--GENERAL INFORMATION
fixed length control field 260602b |||||||| |||| 00| 0 eng d
020 ## - INTERNATIONAL STANDARD BOOK NUMBER
International Standard Book Number 0072918047
040 ## - CATALOGING SOURCE
Transcribing agency Chuka University Library
050 ## - LIBRARY OF CONGRESS CALL NUMBER
Classification number QR 41.2 .C6 2006
100 ## - MAIN ENTRY--PERSONAL NAME
Personal name Cowen Marjorie Kelly
9 (RLIN) 26893
245 ## - TITLE STATEMENT
Title Microbiology
Remainder of title A Systems Approach
260 ## - PUBLICATION, DISTRIBUTION, ETC.
Place of publication, distribution, etc. Boston Burr Ridge
Name of publisher, distributor, etc. McGraw Hill
Date of publication, distribution, etc. 2006
300 ## - PHYSICAL DESCRIPTION
Extent Various pages
Other physical details Colored illustrations
650 ## - SUBJECT ADDED ENTRY--TOPICAL TERM
Topical term or geographic name entry element Microbiology
9 (RLIN) 119
942 ## - ADDED ENTRY ELEMENTS (KOHA)
Source of classification or shelving scheme Library of Congress Classification
Koha item type Long Loan Books
Suppress in OPAC No
Holdings
Withdrawn status Lost status Source of classification or shelving scheme Damaged status Not for loan Collection Home library Current library Shelving location Date acquired Cost, normal purchase price Total Checkouts Full call number Barcode Date last seen Copy number Price effective from Koha item type
    Library of Congress Classification     General Collection Books Main Campus Library Main Campus Library General Stacks 02/06/2026 10358.00   QR 41.2 .C6 2006 32444 02/06/2026 C1 02/06/2026 Long Loan Books

Powered by Koha